[Event "ITA-ch U20"]
[Site "Tarvisio"]
[Date "2023.07.09"]
[Round "9"]
[White "Sirignano, Angela"]
[Black "Bertuzzi, Karol"]
[Result "0-1"]
[WhiteElo "1359"]
[BlackElo "1249"]
[PlyCount "116"]
[EventDate "2023.07.02"]
[EventType "swiss"]
[EventRounds "9"]
[EventCountry "ITA"]
[SourceTitle "EXT 2024"]
[Source "ChessBase"]
[SourceDate "2023.10.10"]
[SourceVersion "1"]
[SourceVersionDate "2023.10.10"]
[SourceQuality "1"]

1. d4 d5 2. Nf3 Nf6 3. c4 e6 4. Bg5 Be7 5. Nc3 0-0 6. cxd5 exd5 7. e3 b6 8. Bd3 Bb7 9. 0-0 Nbd7 10. Qe2 c5 11. Ba6 Bxa6 12. Qxa6 h6 13. Bf4 Nb8 14. Qb7 Qd7 15. Qxd7 Nbxd7 16. dxc5 Bxc5 17. Rfd1 Nh5 18. Nxd5 Nxf4 19. Nxf4 Nf6 20. Nd3 Be7 21. Nde5 Rac8 22. Rac1 Rfd8 23. Rxd8+ Rxd8 24. Nc6 Rd7 25. Nxe7+ Rxe7 26. Kf1 Kh7 27. Ke2 Kg6 28. Rc4 Kf5 29. Nd4+ Kg5 30. h4+ Kg6 31. Nc6 Rb7 32. b3 Kf5 33. f3 Kg6 34. Kd3 Nd7 35. Rg4+ Kh7 36. Ke2 Rc7 37. Nd4 g6 38. Rf4 Nc5 39. Nb5 Rd7 40. Rd4 Re7 41. Kd2 Kg7 42. b4 Ne6 43. Rc4 Rd7+ 44. Nd4 b5 45. Rc6 Nxd4 46. exd4 Rxd4+ 47. Kc3 Rxh4 48. Rc7 Rh2 49. Rxa7 Rxg2 50. Kd4 h5 51. Ra5 Rg5 52. a4 h4 53. axb5 h3 54. Kc4 h2 55. Ra1 Rg1 56. Rxg1 hxg1Q 57. b6 Qxb6 58. b5 Kf6 0-1

[Event "ITA-ch U20"]
[Site "Tarvisio"]
[Date "2023.07.04"]
[Round "3"]
[White "Manco, Amaliya"]
[Black "Sirignano, Angela"]
[Result "1/2-1/2"]
[WhiteElo "1513"]
[BlackElo "1359"]
[PlyCount "119"]
[EventDate "2023.07.02"]
[EventType "swiss"]
[EventRounds "9"]
[EventCountry "ITA"]
[SourceTitle "EXT 2024"]
[Source "ChessBase"]
[SourceDate "2023.10.10"]
[SourceVersion "1"]
[SourceVersionDate "2023.10.10"]
[SourceQuality "1"]

1. e4 e5 2. Nf3 Nc6 3. Bc4 Nf6 4. d3 Be7 5. 0-0 0-0 6. c3 d6 7. h3 b6 8. Nbd2 Bb7 9. b4 d5 10. Bb3 d4 11. b5 Na5 12. cxd4 exd4 13. Bb2 c5 14. bxc6 Nxc6 15. Re1 Bc5 16. Rc1 Nb4 17. Nc4 Nc6 18. Ncd2 Nh5 19. Nxd4 Nxd4 20. Qxh5 Nxb3 21. Nxb3 Qxd3 22. Qg4 f6 23. Nxc5 bxc5 24. Rxc5 Qd2 25. Rb1 Qd3 26. Qe6+ Kh8 27. Re1 Rae8 28. Qc4 Qd2 29. Bc3 Qc2 30. Re2 Qb1+ 31. Re1 Qc2 32. Re2 Qb1+ 33. Kh2 Rxe4 34. Rxe4 Qxe4 35. Qxe4 Bxe4 36. f3 Bd3 37. a3 a6 38. g4 h6 39. f4 Re8 40. g5 Re2+ 41. Kg3 Re3+ 42. Kh2 hxg5 43. fxg5 fxg5 44. Rxg5 Re7 45. h4 Kh7 46. Bb4 Re2+ 47. Kg3 g6 48. Rd5 Bb5 49. Kf4 Rf2+ 50. Kg5 Rg2+ 51. Kf4 Rh2 52. Kg3 Rc2 53. Re5 Rc4 54. Re7+ Kg8 55. Re5 Kf7 56. h5 gxh5 57. Rxh5 Ke6 58. Kf3 Kd7 59. Rh7+ Kc6 60. Rh5 1/2-1/2